Взаимодействие атомных частиц в веществе и на поверхности твердого тела

Detalles Bibliográficos
Autor Corporativo: Академия наук Узбекской ССР (АН УзССР) Институт электроники
Sumario:В сборнике излагаются основные результаты исследований в области взаимодействия ионов, электронов, позитронов, атомов и фотонов с веществом; рассматриваются вопросы вторичной ионной и электронной эмиссии и катодного распыления поли- и монокристаллов, взаимодействия многозарядных ионов с веществом, изменения заряда ионов при прохождение их через тонкие пленки; описываются теории наследуемых явлений, обсуждается многоэлектронная теория атомов и молекул. Книга рассчитана на специалистов в области теоретической физики, физики твердого тела и физической электроники, преподавателей, инженеров, аспирантов и студентов старших курсов высших учебных заведений.
Lenguaje:ruso
Publicado: Ташкент, Фан, 1972
Materias:
Formato: MixedMaterials Libro
KOHA link:https://koha.lib.tpu.ru/cgi-bin/koha/opac-detail.pl?biblionumber=351478

MARC

LEADER 00000nam0a2200000 4500
001 351478
005 20231102010416.0
035 |a (RuTPU)RU\TPU\retro\6527 
090 |a 351478 
100 |a 20190606d1972 k y0rusy50 ca 
101 0 |a rus 
102 |a UZ 
105 |a a z 001zy 
200 1 |a Взаимодействие атомных частиц в веществе и на поверхности твердого тела  |f Академия наук Узбекской ССР (АН УзССР), Институт электроники 
210 |a Ташкент  |c Фан  |d 1972 
215 |a 119 с.  |c ил. 
316 |5 63413507: КР-6565  |a На титульном листе дарственная надпись: "Глубокоуважаемому Александру Акимовичу на добрую память от коллектива авторов. г. Ташкент. 17.XI.72 г." 
317 |5 63413507: КР-6565  |a Поступила в НТБ в 1987 г. в дар от вдовы ученого Е. К. Завадовской 
320 |a Библиогр. в конце ст. 
330 |a В сборнике излагаются основные результаты исследований в области взаимодействия ионов, электронов, позитронов, атомов и фотонов с веществом; рассматриваются вопросы вторичной ионной и электронной эмиссии и катодного распыления поли- и монокристаллов, взаимодействия многозарядных ионов с веществом, изменения заряда ионов при прохождение их через тонкие пленки; описываются теории наследуемых явлений, обсуждается многоэлектронная теория атомов и молекул. Книга рассчитана на специалистов в области теоретической физики, физики твердого тела и физической электроники, преподавателей, инженеров, аспирантов и студентов старших курсов высших учебных заведений. 
606 1 |a Элементарные частицы  |x Взаимодействие с поверхностью твердых тел  |2 stltpush  |3 (RuTPU)RU\TPU\subj\60246  |9 77682 
610 1 |a физика 
610 1 |a атомные частицы 
610 1 |a металлы 
610 1 |a отрицательно-ионное распыление 
610 1 |a бомбардировка 
610 1 |a ионы 
610 1 |a сорбция 
610 1 |a аргон 
610 1 |a монокристаллы 
610 1 |a многозарядные ионы 
610 1 |a многоэлектронная теория 
610 1 |a заряженные частицы 
610 1 |a нейтральные частицы 
610 1 |a тонкие пленки 
610 1 |a ионное распыление 
610 1 |a кулоновские системы 
610 1 |a библиотека А. А. Воробьева 
610 1 |a дарственные надписи 
675 |a 539.2:539.1  |v 4 
712 0 2 |a Академия наук Узбекской ССР (АН УзССР)  |b Институт электроники  |c (Ташкент)  |2 stltpush  |3 (RuTPU)RU\TPU\col\15428 
801 1 |a RU  |b 63413507  |c 20190606 
801 2 |a RU  |b 63413507  |c 20200110  |g RCR 
942 |c BK